| 000 | 01272nab a22002417a 4500 | ||
|---|---|---|---|
| 999 |
_c6225 _d6225 |
||
| 003 | OSt | ||
| 005 | 20260126015057.0 | ||
| 008 | 190514b xxu||||| |||| 00| 0 spa d | ||
| 040 | _cPJ | ||
| 100 |
_94341 _aMignon, María Belén |
||
| 245 | 1 | 0 |
_aTransferencia embrionaria, consentimiento informado y viabilidad de la técnica : _bun caso donde la lógica se invierte / _cMaría Belén Mignon. |
| 300 | _ap. 226-231 | ||
| 500 | _aCita: TR LALEY AR/DOC/2115/2024. | ||
| 505 | _aSumario: I. Introducción.— II. Plataforma fáctica. Los hechos.— III. La decisión del Tribunal rosarino.— IV. Las técnicas de reproducción humana asistida y nuestro sistema jurídico legal.— V. Reflexiones finales. | ||
| 505 | _tFallo comentado: TColeg. Familia Nro. 4, Rosario ~ 11/03/2024 ~ G., L. R. y M., R., M., M., s/ venias y dispensas. | ||
| 650 | 0 |
_9967 _aDERECHO DE FAMILIA |
|
| 650 | 0 |
_94292 _aTÉCNICAS DE REPRODUCCIÓN HUMANA ASISTIDA |
|
| 650 | 0 |
_96744 _aCRIOPRESERVACIÓN DE EMBRIONES |
|
| 650 | 0 |
_94273 _aCONSENTIMIENTO INFORMADO |
|
| 650 | 0 |
_91057 _aJURISPRUDENCIA APLICABLE |
|
| 773 | 0 |
_02844 _93222 _dBuenos Aires : AbeledoPerrot, 1989- _tDerecho de familia. Revista Interdisciplinaria de doctrina y jurisprudencia. Octubre 2024-V. _z18511201 |
|
| 942 |
_2udc _cANA |
||